6 Seeds or lower to make the Final Four - Statistics

General Stats
  • This quiz has been taken 21 times
  • The average score is 11 of 20
Answer Stats
Year Seed Conference Answer % Correct
2024 (11) ACC NC State
84%
2014 (7) Big East Uconn
79%
2023 (9) C-USA Florida Atlantic
68%
2018 (11) Missouri Valley Loyola Chicago
68%
2022 (8) ACC North Carolina
63%
2006 (11) Colonial George Mason
58%
2021 (11) PAC 12 Ucla
58%
2011 (11) Colonial Vcu
58%
1988 (6) BIG 12 Kansas
53%
1985 (8) Big East Villanova
53%
2013 (9) Missouri Valley Wichita State
53%
2014 (8) SEC Kentucky
47%
2016 (10) ACC Syracuse
47%
1986 (11) SEC Lsu
42%
2015 (7) BIG 10 Michigan State
42%
1987 (6) Big East Providence
42%
2017 (7) SEC South Carolina
42%
1992 (6) BIG 10 Michigan
37%
2000 (8) ACC North Carolina
37%
2000 (8) BIG 10 Wisconsin
37%
No matching quizzes found
Score Distribution
Percent of People with Each Score
Percentile by Number Answered
Your Score History
You have not taken this quiz